000 01102nam a2200253 a 4500
001 40224
003 BD-RjUL
005 20211209053154.0
008 160425m20142002ii ||||| |||| 00| 0 ben d
020 _c: IRs.200.00
035 _a(BD-RjUL)40339
040 _aBD-RjUL
_bben
_cBD-RjUL
041 _aben
082 _223
_a370.9254
_bDAA 2014
100 _aদাস, দেবাশিস
_9123902
245 _aঅধ্যাপক শ্রী শ্রীপদ দাশ :
_bএকটি অনন্য জীবন-কথা /
_cদেবাশিস দাস, সব্যসাচী দাস
250 _aচতুর্থ সংস্করণ
260 _aকোলকাতা :
_bবাংলা দলিল সাহিত্য সংস্থা,
_c২০১৪
300 _a১৬০ পৃ. :
_bচিত্র ;
_c২১ সেমি.
600 _aঅধ্যাপক শ্রী শ্রীপদ দাশ
_9123903
650 _aশিক্ষাবিদ
_zভারত
_xজীবনী
_9123904
650 _aEducators
_zIndia
_xBiography
_9123905
942 _2ddc
_cBK
999 _c40224
_d40224